Los huevos pintados /

Un día, un zorro que andaba muerto de hambre como siempre, se encontró con cuatro riquísimos huevos. Contentísimo, el zorro le dio tres golpecitos a uno para ver qué tal estaban y...¿Qué pasó? Esta historia es para ser mirada, contada, escuchada, leída, seguida con el dedo, repetida, guardada como u...

Descripción completa

Guardado en:
Autor Principal: Devetach, Laura.
Otros Autores: Lima, Juan Manuel; il.
Formato: Libro
Idioma:Undetermined
Publicado: Buenos Aires : Colihue, 1997.
Series:Libros del Monigote
Materias:
Etiquetas: Agregar Etiqueta
Sin Etiquetas, Sea el primero en etiquetar este registro!
LEADER 00995nam a22002055a 4500
001 CEM.cems021092
008 240425s1997####ag############000#0#und#d
005 20240425171440.0
245 1 0 |a Los huevos pintados /  |c Laura Devetach ; ilustrado por Juan Manuel Lima. 
260 |a Buenos Aires :  |b Colihue,  |c 1997. 
300 |a 32 p. 
490 1 |a Libros del Monigote 
520 |a Un día, un zorro que andaba muerto de hambre como siempre, se encontró con cuatro riquísimos huevos. Contentísimo, el zorro le dio tres golpecitos a uno para ver qué tal estaban y...¿Qué pasó? Esta historia es para ser mirada, contada, escuchada, leída, seguida con el dedo, repetida, guardada como un osito de trapo y sacada cada vez que haga falta. 
020 |a 9505817495 
100 1 |a Devetach, Laura. 
700 1 |a Lima, Juan Manuel; il. 
653 |a Literatura argentina 
653 |a Literatura infantil 
653 |a Novela infantil 
859 |a CEMS  |b BIB. CEMS - Inicial y Primaria  |h A863.4  |i D494-11  |k IP  |p 4875  |t Ej.1